Un evento al mese - 2015 - Statistics

Statistiche generali
  • Questo quiz è stato fatto 20 volte
  • Il punteggio medio è 4 su 12
Statistiche sulle risposte
Mese Domanda Risposta % Corretto
Gennaio Chi venne elettro Presidente della Repubblica Italiana? Sergio Mattarella
94%
Maggio Dove si tenne l'Esposizione Universale nel 2015? Milano
71%
Novembre Quale capitale europea fu colpita da una serie di attacchi terroristici, rivendicati dall'ISIS, causano 130 morti e oltre 300 feriti? Parigi
71%
Agosto Quale canale navigabile è stato raddoppiato il 6 agosto? Canale di Suez
65%
Febbraio Quale capitale europea fu colpita da due attentati terroristici che colpirono un centro culturale e una sinagoga? Copenaghen
24%
Ottobre Quale casa automobilistica si quotò in borsa con il proprio titolo azionario il 21 ottobre? Ferrari
24%
Giugno Quale presidente della FIFA si dimise in seguito ad accuse di corruzione? Joseph Blatter
24%
Aprile Quale stato asiatico è devastato da un terremoto di magnitudo 7,9 causando oltre 9 000 morti? Nepal
24%
Luglio La versione ufficiale di quale sistema operativo di Windows venne rilasciata il 39 luglio? Windows 10
24%
Settembre Quale gruppo automobilistico venne accusato di aver installato un software per manipolare e aggirare le normative europee sull'inquinamento e di aver truccato i test anti-smog? Volkswagen
18%
Dicembre Quale azienda aerospaziale fece atterrare un Falcon 9 privo di pilota, primo missile riutilizzabile ad entrare e tornare con successo dall'orbita terrestre? SpaceX
12%
Marzo Attorno a quale pianeta nano entrò in orbita la sonda sonda della NASA Dawn? Cerere
0%
Nessun quiz corrispondente trovato
Distribuzione punteggi
Percentuale di utenti per punteggio
Percentile per numero di risposta
I tuoi punteggi nel tempo
Non hai fatto questo quiz